000
00337nam a2200145Ia 4500
100
_a
Holmes B.J
942
_c
BK
654
_a
pascal
245
_a
Pascal programming : Short self instructional course
260
_b
BPB Publication
_a
New Delhi
_c
1991
082
_a
001.6424P
_b
HOL
300
_a
455
546
_a
ENGLISH
999
_c
32214
_d
32214